Statistiken für AOT Quiz

Klicken Sie hier um das Quiz zu spielen!

Allgemein

  • Dieses Quiz wurde 58 mal gespielt
  • Das Durchschnittsergebnis liegt bei 3 aus 5

Antwortstatistiken

FrageAntwort% Korrekt
Wer ist der Hauptcharacter?Eren Jäger
100%
Welchen Decknamen benutzte Historia Reiss?Christa Renz
83%
Wer ist Hauptgefreiter des Aufklärungstrupps?Levi Ackermann
63%
Was ist die besondere Fähigkeit hat man als Besitzer des attackierenden Titanen?Man kann die Erinnerungen der Nachfolgenden Besitzer sehen
56%
Wie viele Bände hat der Manga?34
13%

Verteilung der Resultate

Perzentil nach korrekt beantworteten Fragen

Anzahl Personen mit jedem Resultat

Ihre Resultats-Entwicklung

Sie haben dieses Quiz noch nicht gespielt